000 01274nam0a22003131 4500
001 v19\rc\1283213
005 20250618023653.0
035 _a(NLR Aleph) 004453042
090 _a4482272
_c4482272
100 _a20060306e18401840|||y0rusy50 ca
101 0 _arus
102 _aRU
105 _ay z |||||
200 1 _aПамятники для истории, языка и словесности Южноруссии (Малороссии и Червоноруссии)
_fА.М.
_iИстория
210 _aХарьков
_d1840
215 _a71 с.
_d21
300 _aАвт. установлен по изд.: Масанов И.Ф. Словарь псевдонимов... М., 1956. Т. 1. С. 48
311 _aИз "Харьк. губ. газ."
488 0 _12001#$aХарьковская губернская газета
_tХарьковская губернская газета
700 1 _7ca
_8rus
_aМетлинский
_bА. Л.
_f1814-1870
_gАмвросий Лукьянович
_9248154
_3RU\NLR\AUTH\770248210
790 0 _aА. М.
_f1814-1870
801 0 _aRU
_bNLR
_gpsbo
801 0 _aRU
_bRuMoRGB
_2psbo
801 1 _aRU
_bProSoft-M
_2rusmarc
852 _aNLR
_j20.50.4.8
899 _aRuMoRGB
_jA 125/117
942 _cBOOK
980 _aNB